|
|
|
|
| LEADER |
00834cam a2200265 7i4500 |
| 001 |
0000035976 |
| 005 |
20190418090000.0 |
| 007 |
##ta |
| 008 |
190418t1998 xxk g |
| 020 |
# |
# |
|a 0091816971
|
| 040 |
# |
# |
|a MATR
|
| 090 |
0 |
0 |
|a B 158.1-
|b JOH
|
| 100 |
1 |
# |
|a Johnson, Spencer
|
| 245 |
1 |
0 |
|a Who moveed my cheese? :
|b an a-mazing way to deal with change in your work and in your life
|c Spncer Johnson.
|
| 264 |
# |
1 |
|a London-:
|b Vermillion,
|c 1998.
|
| 264 |
# |
4 |
|a ♭.
|
| 300 |
# |
# |
|a 95 pages:
|b illustrations;
|c 20 cm.
|
| 336 |
# |
# |
|a text
|2 rdacontent
|
| 337 |
# |
# |
|a unmediated
|2 rdamedia
|
| 338 |
# |
# |
|a volume
|2 rdacarrier
|
| 504 |
# |
# |
|a Includes bibliographical references and index
|
| 650 |
# |
0 |
|a Change (Psychology)
|
| 650 |
# |
0 |
|a Success
|
| 650 |
# |
0 |
|a Self-actualization (Psychology)
|
| 999 |
|
|
|a B000040306
|b Book
|c Book
|e Business Information Centre
|